000 03263nam0a2200373 4500
001 RU\NLR\BIBL_A\022604283
005 20260420052250.0
010 _a978-5-7677-3916-5
_9100
021 _aRU
_bКН-П-25-038169
_9КН-П-25-3734
035 _a(NLR Aleph) 022604283
090 _a13682134
_c13682134
100 _a20250819d2025 k y0rusy50 ca
101 0 _arus
102 _aRU
105 _aah z 100yy
181 0 _ai3
_baxxe
182 0 _an
200 1 _aНациональное музыкальное искусство и театр: история, этапы взаимодействия, современное состояние
_eсборник материалов всероссийской научно-теоретической конференции с международным участием (г. Чебоксары, 15 октября 2024 г.)
_fМинистерство науки и высшего образования Российской Федерации, Федеральное государственное бюджетное образовательное учреждение высшего образования "Чувашский государственный университет имени И. Н. Ульянова"
_gредакционная коллегия: И. В. Данилова, канд. искусствоведения, доцент, заслуженный деятель искусств Чувашской Республики, Н. И. Иванова, канд. пед. наук, доцент, заслуженный работник культуры Чувашской Республики
203 _aТекст
_bвизуальный
_cнепосредственный
210 _aЧебоксары
_cЧувашский госуниверситет им. И. Н. Ульянова
_d2025
215 _a79 с.
_cтабл., факс.
_d20
320 _aБиблиогр. в конце ст.
606 1 _aНациональное и интернациональное
_jСъезды, совещания и т.п
_xв музыке
_91187535
_3RU\NLR\AUTH\66478781
606 1 _aНациональное и интернациональное
_jСъезды, совещания и т.п
_xв театре
_92371899
_3RU\NLR\AUTH\6601637300
686 1 _aЩ310.28я431
686 1 _aЩ330,0 я431
702 1 _4340
_aДанилова
_bИ. В.
_cканд. искусствоведения
_f1958-
_gИрина Витальевна
_92684602
_3RU\NLR\AUTH\770286226
711 1 2 _a"Национальное музыкальное искусство и театр: история, этапы взаимодействия, современное состояние", всероссийская научно-теоретическая конференция с международным участием
_eЧебоксары
_f2024
_92674371
_3RU\NLR\AUTH\880630177
712 0 2 _4475
_aЧувашский государственный университет им. И. Н. Ульянова
_cЧебоксары
_9301657
_3RU\NLR\AUTH\8814249
942 _cBOOK
980 _aNB